Personálny manažment obchodnej firmy - vymedzenie terminológie

Personálny manažment ako jadro celého riadenia firmy a neoddeliteľná súčasť práce každého manažéra - v širšom slova zmysle. Personálny manažment ako náplň práce špecialistov - zamestnancov personálneho oddelenia - v užšom slova zmysle. Pesonálny manažment súčasnej doby vo svete zahrňuje tiež problem...

ver descrição completa

Na minha lista:
Detalhes bibliográficos
Autor principal: Hasprová, Mária, 1970-
Formato: Capítulo de Livro
Idioma:eslovaco
Assuntos:
Tags: Adicionar Tag
Sem tags, seja o primeiro a adicionar uma tag!

MARC

LEADER 00000naa$a2200000$$$4500
001 0029177
005 20220606102141.4
041 0 |a slo 
044 |a SK 
245 1 0 |a Personálny manažment obchodnej firmy - vymedzenie terminológie  |c Mária Hasprová 
520 |a Personálny manažment ako jadro celého riadenia firmy a neoddeliteľná súčasť práce každého manažéra - v širšom slova zmysle. Personálny manažment ako náplň práce špecialistov - zamestnancov personálneho oddelenia - v užšom slova zmysle. Pesonálny manažment súčasnej doby vo svete zahrňuje tiež problematiku populačného vývoja, reprodukcie obyvateľstva, zdrojov získavania zamestnancov, otázky trhu práce, sociálno-ekonomického rozvoja spoločnosti ako celku a v rámci príslušného regiónu. Vznik nových pojmov - riadenie ľudských zdrojov, rozvoj ľudských zdrojov - ich opodstatnenosť. 
610 2 0 |a firmy 
610 2 0 |a obchod 
610 2 0 |a manažment personálny 
610 2 0 |a zdroje ľudské 
610 2 0 |a riadenie 
610 2 0 |a terminológia 
100 1 |a Hasprová, Mária, 1970-